|
|
|
|
| LEADER |
00000nab a2200000 a 4500 |
| 001 |
vtls000775989 |
| 003 |
SK-MaSNL |
| 005 |
20260302154308.0 |
| 008 |
160314c2001 xo 0 slo |
| 015 |
|
|
|a SNBRB2001/11-33598
|
| 035 |
|
|
|a CLN000127776
|
| 040 |
|
|
|a SNKBUCL
|b slo
|c SNKBUCL
|e AACR2
|
| 041 |
0 |
|
|a slo
|
| 044 |
|
|
|a xo
|c SK
|
| 080 |
|
|
|a 82.09:886.2-3(048)
|2 UDC-MRF-SK2
|
| 080 |
|
|
|a 886.2-3(048)
|2 UDC-MRF-SK2
|
| 100 |
1 |
|
|a Veleg, Michal
|4 aut
|9 839380
|
| 245 |
1 |
0 |
|a Pôsobivá interpretácia
|c Michal Veleg
|
| 650 |
0 |
7 |
|a novely biblické chorvátske
|x recenzie
|2 snkbucl
|9 850751
|
| 773 |
0 |
|
|x 1210-1982
|t Knižná revue
|g Roč. 11, č. 23 (2001), s. 5
|
| 787 |
0 |
8 |
|i Rec.:
|a Gavran, Miro
|t Judita
|d Bratislava : Juga, 2001
|
| 850 |
|
|
|a Slovenská národná knižnica v Martine
|
| 852 |
|
|
|a SNK
|b KIS3GCP
|
| 958 |
|
|
|a HR
|
| 958 |
|
|
|a LX
|
| 958 |
|
|
|a RC
|
| 958 |
|
|
|a RBX
|
| 999 |
|
|
|c 1368024
|d 1369954
|